000 nam a22 7a 4500
999 _c153990
_d153988
005 20200130124001.0
008 200130b cr ||||| |||| 00| 0 spa d
020 _a9977648786
050 0 4 _aK3254
_bV55 1997
100 1 _aVillalobos Quirós, Enrique
245 1 3 _aEl derecho a la información
_c/ Enrique Villalobos Quirós.
250 _a1a ed.
260 _aCosta Rica :
_bEditorial Universidad Estatal a Distancia,
_c1997
300 _axii, 304 p. ;
_c24 cm.
504 _aincluye bibliografías
650 7 _2lemb
_aDerechos civiles
_zCosta Rica
650 7 _2lemb
_aDerechos civiles
_xLibertad de asociación
650 7 _2lemb
_aDerechos civiles
_xLibertad de expresión
942 _2lcc
_cLIB